000 00428nam a2200145Ia 4500
008 230917s9999||||xx |||||||||||||| ||und||
040 _e183463
_aMAIN
041 _aEnglish
082 _a327.42 D659W:D(3)
100 _aWoodward, E L, ed.
245 0 _aDocuments on British foreign policy 1919-1939. First series. V3- 1919
260 _aLondon
_bHer Majesty's Stationery Office
_c1970
300 _alxxx, 909 p.
942 _cBK
999 _c229703
_d229703